00434cam a2200157ua 45000010005000000080039000050400009000440820008000531000043000612450061001042500009001652600032001743000017002066530021002236530032002442578110829n ii |||gr||||Z||||||asm cMAIN a418 aed. by Sharma, Nabin Chandra,eAuthor.1 aDak pravachan (dak bhanita)ced. by Nabin Chandra Sharma a1st. aGuahati:bBani prakash,987. a243p:c23cm. aAssamese Grammar aDak pravachan (dak bhanita)